[Event "GER-chT U16 Girls"]
[Site "Magdeburg"]
[Date "2023.12.30"]
[Round "7.1"]
[White "Mueller, Cosima"]
[Black "Neumann, Helena"]
[Result "0-1"]
[WhiteElo "1462"]
[BlackElo "1584"]
[PlyCount "74"]
[EventDate "2023.12.26"]
[EventType "team-swiss"]
[EventRounds "7"]
[EventCountry "GER"]
[SourceTitle "CB03_2024"]
[SourceDate "2024.01.17"]
[SourceVersion "1"]
[SourceVersionDate "2024.01.17"]
[SourceQuality "1"]
[WhiteTeam "Altenberg"]
[BlackTeam "Porz SG"]
[WhiteTeamCountry "GER"]
[BlackTeamCountry "GER"]

1. e4 c6 2. d4 d5 3. exd5 cxd5 4. Bd3 Nf6 5. c3 Bg4 6. Ne2 e6 7. Bf4 Bd6 8. Bxd6 Qxd6 9. Qb3 Nc6 10. Nd2 Qc7 11. 0-0 0-0 12. Rae1 Rfc8 13. f4 a6 14. Ng3 g6 15. a3 b5 16. h3 Bf5 17. Nxf5 gxf5 18. Qd1 Kh8 19. Nf3 Ne4 20. Nd2 Rg8 21. Nxe4 dxe4 22. Bc2 Rg3 23. Re2 Rag8 24. Kh2 Ne7 25. Qe1 R3g6 26. Qh4 Qc4 27. Rfe1 Nd5 28. Qf2 Rxg2+ 29. Qxg2 Rxg2+ 30. Rxg2 Nxf4 31. Rg3 Qc7 32. Bd1 Nd3 33. Re2 h5 34. Kg2 Nf4+ 35. Kf2 Nxe2 36. Bxe2 Qf4+ 37. Kg2 h4 0-1

[Event "GER-ch U16 Girls"]
[Site "Willingen"]
[Date "2023.05.31"]
[Round "6"]
[White "Neumann, Helena"]
[Black "Petrosyan, Ani"]
[Result "0-1"]
[WhiteElo "1407"]
[BlackElo "1370"]
[PlyCount "54"]
[EventDate "2023.05.27"]
[EventType "swiss"]
[EventRounds "9"]
[EventCountry "GER"]
[SourceTitle "CBM 214 Extra"]
[Source "ChessBase"]
[SourceDate "2023.07.31"]
[SourceVersion "1"]
[SourceVersionDate "2023.07.31"]
[SourceQuality "1"]

1. e4 c6 2. d4 d5 3. exd5 cxd5 4. c4 Nf6 5. Nc3 g6 6. Bg5 Bg7 7. Nf3 Nc6 8. Bxf6 Bxf6 9. Nxd5 Bg7 10. Be2 0-0 11. 0-0 Bg4 12. h3 Bxf3 13. Bxf3 e6 14. Nc3 Nxd4 15. Rb1 Qc7 16. b3 Rfd8 17. Re1 Rd7 18. g3 Rad8 19. Bg2 Nf5 20. Qc1 Rd2 21. Rb2 Rxb2 22. Qxb2 Rd3 23. Nb5 Qb6 24. Qe2 Rxg3 25. Kh2 Rg5 26. f4 Rg3 27. Qd2 a6 0-1

[Event "GER-chT U14 Girls"]
[Site "Neumuenster"]
[Date "2018.12.30"]
[Round "7.4"]
[White "Neumann, Helena"]
[Black "Chen, Michelle1111"]
[Result "1/2-1/2"]
[WhiteElo "999"]
[BlackElo "799"]
[PlyCount "123"]
[EventDate "2018.12.27"]
[EventType "team-swiss"]
[EventRounds "7"]
[EventCountry "GER"]
[SourceTitle "CBM 188 Extra"]
[Source "ChessBase"]
[SourceDate "2019.02.26"]
[SourceVersion "1"]
[SourceVersionDate "2019.02.26"]
[SourceQuality "1"]
[WhiteTeam "Guetersloh"]
[BlackTeam "Harksheide"]
[WhiteTeamCountry "GER"]
[BlackTeamCountry "GER"]

1. e4 d6 2. d4 e5 3. dxe5 dxe5 4. Qxd8+ Kxd8 5. Nf3 Nc6 6. Bc4 Bg4 7. Bxf7 Nf6 8. Bc4 Kd7 9. Nc3 Rd8 10. Bb5 Kc8 11. Bxc6 bxc6 12. Nxe5 Rd6 13. Nf7 Rd7 14. Nxh8 Bb4 15. Bd2 Re7 16. f3 Be6 17. a3 Bc5 18. 0-0-0 Bd4 19. Be1 Rd7 20. Kb1 c5 21. Nb5 c6 22. Nxd4 cxd4 23. Bb4 Rd8 24. Bc5 Rxh8 25. Bxd4 Re8 26. Bxa7 Re7 27. Bc5 Rb7 28. Rd2 Nd7 29. Bb4 Ne5 30. Rhd1 Nf7 31. Bc3 g6 32. g4 Ng5 33. Rd8+ Kc7 34. Re8 Bd7 35. Re7 Kc8 36. f4 Bxg4 37. Rxb7 Kxb7 38. fxg5 Bxd1 39. h3 Kb6 40. Kc1 Bf3 41. e5 Bd5 42. a4 Be6 43. a5+ Kb7 44. Kd2 Bxh3 45. Kd3 Bf5+ 46. Kd4 Bxc2 47. e6 Ba4 48. e7 c5+ 49. Kxc5 Be8 50. b4 Ka6 51. Be5 Kb7 52. b5 Kc8 53. a6 Bd7 54. b6 Ba4 55. b7+ Kd7 56. b8Q Kxe7 57. Qb7+ Bd7 58. a7 Ke6 59. a8Q Kxe5 60. Qxd7 Kf4 61. Qxh7 Kxg5 62. Qf3 1/2-1/2